| 000 | 00754nam a2200253 a 4500 | ||
|---|---|---|---|
| 001 | BRCA_5181 | ||
| 005 | 20190320204955.0 | ||
| 008 | 810313s1956 mx-a######---#000-0#spa-# | ||
| 041 | _aspa | ||
| 044 | _amx | ||
| 050 | 4 |
_aNK7114 _b.A53 1 1956 |
|
| 100 | 1 |
_aAnderson, Lawrence _913251 |
|
| 245 | 1 | 0 |
_aEl arte de la platería en México _cLawrence Anderson. |
| 260 |
_aMéxico _bPorrúa _c1956 |
||
| 300 |
_axxiii, 373 p. _bil., 125 láminas _c19 cm. |
||
| 500 | _aIncluye índice alfabético e índice de ilustraciones | ||
| 500 | _aVer también DD73 (2 v.) | ||
| 500 | _aDD72 | ||
| 504 | _aBibliografía: p. ix-xix | ||
| 650 | 1 | 4 |
_aPlatería _zMéxico _93073 |
| 650 | 1 | 4 |
_aMarcas del contraste _xPlatería _913252 |
| 902 | _aGFM | ||
| 942 |
_2lcc _cB |
||
| 999 |
_c4875 _d4875 |
||